| 000 | 00423nam a2200181Ia 4500 | ||
|---|---|---|---|
| 008 | 210210b1923 xxu||||| |||| 00| 0 eng d | ||
| 041 | _aeng | ||
| 082 | _a824/2 | ||
| 100 | _aADAMS (J A) | ||
| 245 | _aLife of William Shakespeare | ||
| 260 |
_aBoston _bHoughton Mifflin Co _c1923 |
||
| 650 | _aWilliam | ||
| 650 | _aShakespeare | ||
| 650 | _aof | ||
| 650 | _aLife | ||
| 690 | _aEnglish Criticism | ||
| 906 | _a013956 | ||
| 999 |
_c133029 _d133029 |
||